[Event "Perth AUS Open Minor"]
[Site "?"]
[Date "2023.01.03"]
[Round "2.65"]
[White "Knight, Charles"]
[Black "Ong, Charis"]
[Result "1-0"]
[WhiteElo "1280"]
[BlackElo "511"]
[PlyCount "138"]
[EventDate "2023.01.??"]
[EventRounds "11"]
[EventCountry "AUS"]
[SourceVersionDate "2023.01.02"]

1. e4 e5 2. Nc3 Nc6 3. Bc4 Bc5 4. Qg4 g6 5. Nd5 Nf6 6. Qh4 Be7 7. Nxe7 Qxe7 8. d3 d5 9. exd5 Nxd5 10. Qxe7+ Ndxe7 11. Nf3 Nd4 12. Nxd4 exd4 13. Bg5 Nc6 14. O-O O-O 15. Rfe1 Bf5 16. a3 Na5 17. Ba2 Rfe8 18. b4 Nc6 19. Bd5 Bd7 20. h4 Rxe1+ 21. Rxe1 Re8 22. Rxe8+ Bxe8 23. Bf4 Bd7 24. Bxc7 h5 25. b5 Ne7 26. Bxb7 Bxb5 27. g3 Nf5 28. Be5 a5 29. Be4 a4 30. Bxf5 gxf5 31. Bxd4 Bc6 32. c4 Kf8 33. Kf1 Ke7 34. Ke2 Kd6 35. Ke3 Ke7 36. Kf4 Ke6 37. Kg5 Bf3 38. Kf4 Be2 39. Ke3 Bd1 40. Bc3 Bb3 41. Bb4 Kd7 42. Kd4 f6 43. Kd5 Kc8 44. Ke6 Bc2 45. d4 Be4 46. d5 Bd3 47. c5 Bb5 48. Kxf6 Bd3 49. Ke7 Bb5 50. Ke6 Bd7+ 51. Ke5 Kc7 52. Ba5+ Kc8 53. c6 Be8 54. Kxf5 Kb8 55. f4 Ka7 56. Ke6 Ka6 57. c7 Kb7 58. d6 Kc8 59. Ke7 Bd7 60. Kf6 Be8 61. f5 Kd7 62. Kg5 Kc8 63. g4 hxg4 64. Kxg4 Kd7 65. h5 Bf7 66. h6 Bg8 67. f6 Kc8 68. f7 Bxf7 69. h7 Be6+ 1-0

[Event "Perth AUS Open Minor"]
[Site "?"]
[Date "2023.01.03"]
[Round "2.67"]
[White "Gunasekera, Tharanga Abesuriya"]
[Black "While, Lyndon"]
[Result "1-0"]
[WhiteElo "1079"]
[BlackElo "1226"]
[PlyCount "121"]
[EventDate "2023.01.??"]
[EventRounds "11"]
[EventCountry "AUS"]
[SourceVersionDate "2023.01.02"]

1. d4 d5 2. Bf4 Nf6 3. e3 e6 4. a3 c5 5. Nf3 Nc6 6. c4 cxd4 7. Nxd4 Qa5+ 8. Nc3 Ne4 9. Rc1 Nxd4 10. Qxd4 Nxc3 11. Rxc3 dxc4 12. Bxc4 Be7 13. Qxg7 Rf8 14. O-O Qf5 15. Bd3 Qd5 16. Bxh7 Bd7 17. Rd3 Qb5 18. Rc1 Bc6 19. h3 Rd8 20. Rxd8+ Kxd8 21. Qd4+ Qd5 22. Qxd5+ Bxd5 23. Bd3 Rg8 24. Bc7+ Ke8 25. g3 Bf6 26. Rc2 Rh8 27. Kh2 Bc6 28. Bd6 Kd7 29. Bb4 Be5 30. Bc3 Kd6 31. Bxe5+ Kxe5 32. Bf1 Rd8 33. Bg2 Bxg2 34. Kxg2 Rd7 35. Kf3 Kf5 36. Rc5+ Kg6 37. h4 b6 38. Rc2 Kf5 39. e4+ Ke5 40. Ke3 f5 41. f4+ Kf6 42. exf5 Kxf5 43. Rd2 Re7 44. Kf3 Rg7 45. Re2 Rg6 46. g4+ Kf6 47. g5+ Kf7 48. h5 Rg8 49. Kg4 Rd8 50. f5 Rd4+ 51. Kf3 exf5 52. Re5 Rd2 53. Rxf5+ Kg7 54. Rb5 Rh2 55. Kg4 Rg2+ 56. Kf5 Rf2+ 57. Ke6 Rd2 58. b3 Rd3 59. a4 Rd4 60. a5 Re4+ 61. Kf5 1-0

[Event "Perth AUS Open Minor"]
[Site "?"]
[Date "2023.01.03"]
[Round "2.71"]
[White "Ashok, Akash"]
[Black "De Vas, Senudi"]
[Result "0-1"]
[WhiteElo "643"]
[BlackElo "1276"]
[PlyCount "74"]
[EventDate "2023.01.??"]
[EventRounds "11"]
[EventCountry "AUS"]
[SourceVersionDate "2023.01.02"]

1. e4 e6 2. d4 d5 3. exd5 exd5 4. Bf4 Bd6 5. Bxd6 Qxd6 6. c3 Nf6 7. Nf3 O-O 8. Be2 Bf5 9. O-O Nbd7 10. Bd3 Be4 11. Re1 Rfe8 12. Ng5 Bxd3 13. Rxe8+ Rxe8 14. Na3 Bf5 15. Qb3 Qe7 16. h3 b6 17. c4 Ne4 18. Re1 Qxg5 19. Kh2 Qf4+ 20. Qg3 Nxg3 21. Rxe8+ Nf8 22. fxg3 Qxd4 23. cxd5 Qxd5 24. b3 Qd2 25. Nc4 Qxa2 26. g4 Bd7 27. Re3 Bc6 28. Rg3 Bd5 29. h4 Bxc4 30. bxc4 Qxc4 31. Ra3 Qxg4 32. Rxa7 Qxh4+ 33. Kg1 Qd4+ 34. Kh2 Qf4+ 35. Kg1 b5 36. Kh1 Qh4+ 37. Kg1 Qd4+ 0-1

[Event "Perth AUS Open Minor"]
[Site "?"]
[Date "2023.01.03"]
[Round "3.58"]
[White "Arav, Jayden"]
[Black "Arav, Nathan"]
[Result "1-0"]
[WhiteElo "1230"]
[BlackElo "1422"]
[PlyCount "73"]
[EventDate "2023.01.??"]
[EventRounds "11"]
[EventCountry "AUS"]
[SourceVersionDate "2023.01.02"]

1. e4 c5 2. Nf3 d6 3. d4 cxd4 4. Nxd4 Nf6 5. Nc3 g6 6. Bc4 Bg7 7. Be3 O-O 8. Qd2 Nc6 9. Bb3 Bd7 10. f3 a6 11. O-O b5 12. Nd5 Nxd5 13. Bxd5 Rc8 14. c3 Ne5 15. Bh6 Nc4 16. Bxc4 bxc4 17. Nc2 Ba4 18. Bxg7 Kxg7 19. Nb4 Kg8 20. Kh1 a5 21. Nd5 e6 22. Ne3 Qb6 23. Ng4 f5 24. exf5 exf5 25. Nh6+ Kg7 26. Rfe1 Rce8 27. Qg5 Qf2 28. Re7+ Rxe7 29. Qxe7+ Kxh6 30. Qxf8+ Kh5 31. Qxd6 Qxb2 32. Rg1 Qxc3 33. Qf4 Bc6 34. h3 a4 35. g4+ fxg4 36. hxg4+ Kh4 37. Qh6# 1-0

[Event "Perth AUS Open Minor"]
[Site "?"]
[Date "2023.01.03"]
[Round "3.59"]
[White "Chan, Benny"]
[Black "Ho, Oscar"]
[Result "1-0"]
[WhiteElo "1377"]
[BlackElo "1208"]
[PlyCount "109"]
[EventDate "2023.01.??"]
[EventRounds "11"]
[EventCountry "AUS"]
[SourceVersionDate "2023.01.02"]

1. e4 c5 2. c3 Nf6 3. e5 Nd5 4. d4 d6 5. c4 Nc7 6. exd6 Qxd6 7. d5 g6 8. Be2 Bg7 9. Nc3 O-O 10. Bf3 Bf5 11. Nge2 Nd7 12. Ng3 Bxc3+ 13. bxc3 Qe5+ 14. Ne2 Qf6 15. Be3 b6 16. d6 Rac8 17. dxc7 Ne5 18. Qb3 Bd3 19. Nc1 Bxc4 20. Qc2 Nxf3+ 21. gxf3 Qxf3 22. Rg1 Rxc7 23. Ne2 Rd7 24. Rd1 Rfd8 25. Rxd7 Rxd7 26. Nf4 Bxa2 27. Qe2 Qxe2+ 28. Kxe2 Bc4+ 29. Kf3 a5 30. Rb1 Rd6 31. Ng2 a4 32. Ra1 Bb3 33. Ne1 Rd1 34. Rxd1 Bxd1+ 35. Ke4 a3 36. Bc1 a2 37. Bb2 c4 38. Kd5 b5 39. Kc5 Ba4 40. Nf3 Kg7 41. Nd4 f5 42. Nxb5 Bb3 43. Nd4 e5 44. Nxb3 cxb3 45. c4 Kf7 46. Bxe5 f4 47. Kb6 Ke6 48. Bb2 Kd7 49. Kb7 Kd6 50. Kb6 Kd7 51. Kb5 h5 52. Kb4 g5 53. Kxb3 h4 54. Kxa2 g4 55. Be5 1-0

[Event "Perth AUS Open Minor"]
[Site "?"]
[Date "2023.01.03"]
[Round "3.60"]
[White "Feldblyum, Alexander"]
[Black "Clark, Peter"]
[Result "1/2-1/2"]
[WhiteElo "1117"]
[BlackElo "1370"]
[PlyCount "86"]
[EventDate "2023.01.??"]
[EventRounds "11"]
[EventCountry "AUS"]
[SourceVersionDate "2023.01.02"]

1. e4 c5 2. c3 d5 3. exd5 Qxd5 4. d4 Nc6 5. Nf3 e6 6. Be3 Nf6 7. h3 Be7 8. c4 Qd8 9. Nc3 cxd4 10. Nxd4 Nxd4 11. Qxd4 Qxd4 12. Bxd4 a6 13. c5 O-O 14. Bc4 Bd7 15. Rd1 Bc6 16. O-O Rfd8 17. Be3 Rxd1 18. Rxd1 Rd8 19. Rxd8+ Bxd8 20. b4 Ne4 21. Nxe4 Bxe4 22. a4 Bc2 23. b5 Bxa4 24. bxa6 bxa6 25. Bxa6 Bc6 26. f3 Kf8 27. Kf2 Ke7 28. Bd4 f6 29. f4 Bc7 30. g3 e5 31. fxe5 Bxe5 32. Bxe5 fxe5 33. Ke3 g5 34. Bd3 h6 35. Be4 Bd7 36. g4 Bb5 37. Kf2 Ke6 38. Kg3 Bc4 39. h4 Be2 40. hxg5 hxg5 41. Kh3 Bb5 42. Kg3 Be2 43. Kh3 Bc4 1/2-1/2

[Event "Perth AUS Open Minor"]
[Site "?"]
[Date "2023.01.03"]
[Round "3.61"]
[White "Lee, Lucas"]
[Black "Bultman, Grant"]
[Result "1-0"]
[WhiteElo "830"]
[BlackElo "1329"]
[PlyCount "75"]
[EventDate "2023.01.??"]
[EventRounds "11"]
[EventCountry "AUS"]
[SourceVersionDate "2023.01.02"]

1. e4 e5 2. Nf3 Nc6 3. Bb5 a6 4. Ba4 Nf6 5. O-O Bc5 6. d3 h6 7. Bxc6 bxc6 8. Nxe5 Qe7 9. Nf3 d5 10. e5 Nh7 11. d4 Ba7 12. c3 Bg4 13. Qa4 Qe6 14. Qxa6 Bxf3 15. gxf3 O-O 16. Qd3 Qh3 17. Kh1 Ng5 18. Bxg5 hxg5 19. Rg1 Qh5 20. Qe3 f6 21. f4 gxf4 22. Qxf4 fxe5 23. Qg4 Qxg4 24. Rxg4 exd4 25. cxd4 Rxf2 26. Nc3 Rxb2 27. Rag1 Bxd4 28. Rxd4 Rf8 29. Rdg4 Rf7 30. Na4 Rxa2 31. Nc5 Re2 32. Rg6 Kh7 33. R6g2 Re3 34. Rg6 Re2 35. Ne6 Rf6 36. Rxg7+ Kh6 37. Rg8 Kh5 38. Nf4+ 1-0

[Event "Perth AUS Open Minor"]
[Site "?"]
[Date "2023.01.03"]
[Round "3.62"]
[White "El Fayoumi, Adam"]
[Black "Ley, Nick"]
[Result "0-1"]
[WhiteElo "1288"]
[BlackElo "695"]
[PlyCount "110"]
[EventDate "2023.01.??"]
[EventRounds "11"]
[EventCountry "AUS"]
[SourceVersionDate "2023.01.02"]

1. e4 d6 2. f4 Nf6 3. Nc3 g6 4. Nf3 Bg7 5. d3 Nc6 6. g3 O-O 7. Bg2 e5 8. O-O Re8 9. fxe5 dxe5 10. Bg5 Nd4 11. Qd2 c6 12. Kh1 Bg4 13. Qf2 Bxf3 14. Bxf3 Nxf3 15. Qxf3 Re6 16. Rf2 h6 17. Be3 Qe7 18. Na4 Nd7 19. b3 Rf6 20. Qe2 Rxf2 21. Qxf2 b6 22. Rf1 Rf8 23. Qd2 Kh7 24. Qc3 c5 25. Qc4 f5 26. exf5 gxf5 27. Rxf5 Rxf5 28. Qe4 Qe6 29. g4 Kg6 30. Nc3 Nf6 31. gxf5+ Qxf5 32. Qxf5+ Kxf5 33. Kg2 e4 34. dxe4+ Nxe4 35. Nxe4 Kxe4 36. Kf2 Bd4 37. Bxd4 Kxd4 38. Ke2 Kc3 39. Kd1 Kb2 40. a4 Kc3 41. h4 h5 42. Kc1 c4 43. bxc4 Kxc4 44. a5 bxa5 45. Kb2 a4 46. Ka3 Kc3 47. Kxa4 Kxc2 48. Ka5 Kd3 49. Ka6 Ke4 50. Kxa7 Kf4 51. Kb6 Kg4 52. Kc5 Kxh4 53. Kd4 Kg3 54. Ke3 Kg2 55. Kf4 h4 0-1

[Event "Perth AUS Open Minor"]
[Site "?"]
[Date "2023.01.03"]
[Round "3.63"]
[White "Gunasekera, Tharanga Abesuriya"]
[Black "Knight, Charles"]
[Result "1-0"]
[WhiteElo "1079"]
[BlackElo "1280"]
[PlyCount "35"]
[EventDate "2023.01.??"]
[EventRounds "11"]
[EventCountry "AUS"]
[SourceVersionDate "2023.01.02"]

1. d4 d5 2. Bf4 c5 3. Nf3 Nc6 4. e3 Nf6 5. Be2 Bf5 6. O-O Qb6 7. b3 e6 8. dxc5 Bxc5 9. Bd3 Bxd3 10. Qxd3 Nb4 11. Qe2 O-O 12. c4 Rfd8 13. Nc3 d4 14. exd4 Rxd4 15. Na4 Qa5 16. Nxd4 Bxd4 17. Rad1 e5 18. Bd2 1-0

[Event "Perth AUS Open Minor"]
[Site "?"]
[Date "2023.01.03"]
[Round "3.65"]
[White "Li, Jeremy"]
[Black "Gupta, Aarnav"]
[Result "0-1"]
[WhiteElo "331"]
[BlackElo "1458"]
[PlyCount "38"]
[EventDate "2023.01.??"]
[EventRounds "11"]
[EventCountry "AUS"]
[SourceVersionDate "2023.01.02"]

1. e4 c6 2. d4 d5 3. Nc3 dxe4 4. Nxe4 Nd7 5. Bc4 Ngf6 6. Nxf6+ Nxf6 7. Nf3 Bg4 8. O-O e6 9. Bf4 Bd6 10. Qd2 Bxf3 11. gxf3 Rg8 12. Kh1 Qd7 13. Rg1 O-O-O 14. Be2 Bxf4 15. Qxf4 Qxd4 16. Qg3 Qxb2 17. Rad1 Rxd1 18. Rxd1 Qxc2 19. Bd3 Qxd1+ 0-1

[Event "Perth AUS Open Minor"]
[Site "?"]
[Date "2023.01.03"]
[Round "3.66"]
[White "De Vas, Senudi"]
[Black "Kalloor, Abner"]
[Result "1-0"]
[WhiteElo "1276"]
[BlackElo "370"]
[PlyCount "39"]
[EventDate "2023.01.??"]
[EventRounds "11"]
[EventCountry "AUS"]
[SourceVersionDate "2023.01.02"]

1. d4 d5 2. c4 dxc4 3. e3 Nf6 4. Bxc4 Nc6 5. Nf3 e6 6. O-O Bd6 7. Nc3 Nd7 8. e4 Qf6 9. e5 Ndxe5 10. dxe5 Nxe5 11. Nxe5 Qxe5 12. f3 Bb4 13. Qa4+ b5 14. Bxb5+ Kd8 15. Qxb4 Re8 16. Rd1+ Bd7 17. Rxd7+ Kc8 18. Bf4 a5 19. Qc4 Qf6 20. Qxc7# 1-0

[Event "Perth AUS Open Minor"]
[Site "?"]
[Date "2023.01.03"]
[Round "3.68"]
[White "Arav, Callan"]
[Black "Chen, Albert"]
[Result "1/2-1/2"]
[WhiteElo "1157"]
[BlackElo "1157"]
[PlyCount "128"]
[EventDate "2023.01.??"]
[EventRounds "11"]
[EventCountry "AUS"]
[SourceVersionDate "2023.01.02"]

1. e4 e5 2. Nf3 Nc6 3. Bc4 Bc5 4. c3 d6 5. d4 Bb6 6. dxe5 dxe5 7. Qxd8+ Nxd8 8. Nxe5 Be6 9. Na3 Nf6 10. Bd3 O-O 11. O-O Re8 12. Bg5 Nd7 13. Nxd7 Bxd7 14. Nc4 Ne6 15. Nxb6 axb6 16. Be3 Rad8 17. Rad1 Bc6 18. Bc2 Ra8 19. a3 Nc5 20. Bxc5 bxc5 21. Rfe1 Rab8 22. f4 b5 23. e5 b4 24. axb4 cxb4 25. Kf2 bxc3 26. bxc3 Rb2 27. Rd2 Rb5 28. Ba4 Rb6 29. Bxc6 Rxc6 30. Rd3 h6 31. Re2 Kf8 32. g4 Rc5 33. Rde3 Rc4 34. Kg3 f6 35. exf6 Rxe3+ 36. Rxe3 gxf6 37. f5 Kf7 38. Kh4 Kg7 39. Kh5 c5 40. h4 Kh7 41. g5 hxg5 42. hxg5 fxg5 43. Kxg5 Kg7 44. Rf3 Kf7 45. Re3 Kg7 46. f6+ Kf7 47. Kf5 Kf8 48. Ke6 Rf4 49. Re5 c4 50. f7 Rxf7 51. Rf5 Rxf5 52. Kxf5 Ke7 53. Ke5 Kd7 54. Kd5 Kc7 55. Kxc4 Kc6 56. Kd4 Kd6 57. c4 Kc6 58. c5 Kc7 59. Kd5 Kd7 60. c6+ Kc8 61. Kc5 Kc7 62. Kb5 Kc8 63. Kb6 Kb8 64. Kc5 Kc7 1/2-1/2

[Event "Perth AUS Open Minor"]
[Site "?"]
[Date "2023.01.04"]
[Round "4.58"]
[White "Ley, Nick"]
[Black "Chan, Benny"]
[Result "0-1"]
[WhiteElo "695"]
[BlackElo "1377"]
[PlyCount "110"]
[EventDate "2023.01.??"]
[EventRounds "11"]
[EventCountry "AUS"]
[SourceVersionDate "2023.01.02"]

1. Nf3 c5 2. e4 a6 3. d3 e6 4. g3 d5 5. Nbd2 Nc6 6. Bg2 Nf6 7. O-O Be7 8. Re1 Qc7 9. Nf1 d4 10. e5 Nd5 11. c3 dxc3 12. bxc3 Nxc3 13. Qb3 Nd5 14. h4 Bd7 15. Ng5 Na5 16. Qb2 Bc6 17. Bh3 Nb4 18. Re3 Qd7 19. Qa3 Ba4 20. Re2 Nxd3 21. Rd2 c4 22. Qc3 b6 23. Ne3 Bb4 24. Qxb4 Nxb4 25. Rxd7 Kxd7 26. Nxf7 Rhe8 27. Ba3 Nd3 28. Bf1 Bc6 29. Rd1 Bf3 30. Rd2 Kc6 31. Nxc4 Nxc4 32. Rc2 Kd5 33. Bxd3 Nxa3 34. Rd2 Kc6 35. Bxh7 Re7 36. Nd6 Bd5 37. Rd1 Nc4 38. Rc1 b5 39. Bd3 Kb6 40. Nxc4+ Bxc4 41. Bxc4 bxc4 42. Rxc4 Rd8 43. Rc2 Rc7 44. Rb2+ Kc6 45. Kg2 Kd7 46. Rb6 Ra8 47. Rd6+ Ke7 48. Rd1 a5 49. a4 Rc4 50. Ra1 Rb8 51. f4 Rbb4 52. Kh3 Rxa4 53. Rd1 Ra3 54. Kg4 Rcc3 55. Rg1 Rxg3+ 0-1

[Event "Perth AUS Open Minor"]
[Site "?"]
[Date "2023.01.04"]
[Round "4.60"]
[White "Lee, Lucas"]
[Black "Gunasekera, Tharanga Abesuriya"]
[Result "1-0"]
[WhiteElo "830"]
[BlackElo "1079"]
[PlyCount "77"]
[EventDate "2023.01.??"]
[EventRounds "11"]
[EventCountry "AUS"]
[SourceVersionDate "2023.01.02"]

1. e4 c6 2. d4 d5 3. Nc3 dxe4 4. Nxe4 Bf5 5. Ng3 Bg6 6. Nf3 h6 7. Bc4 e6 8. c3 a6 9. a4 Nf6 10. Qb3 b5 11. axb5 cxb5 12. Bxb5+ Nbd7 13. Rxa6 Rb8 14. Qa4 Be7 15. Ne5 Rxb5 16. Qxb5 O-O 17. Nxg6 fxg6 18. O-O Nd5 19. Rxe6 Nc7 20. Qb3 Nxe6 21. Qxe6+ Kh7 22. Re1 Bf6 23. Ne4 Re8 24. Ng5+ Bxg5 25. Qxe8 Qxe8 26. Rxe8 Bxc1 27. Re2 Nb6 28. b3 Bg5 29. c4 Bf6 30. Re6 Bxd4 31. Rd6 Bc5 32. Rc6 Bd4 33. c5 Na8 34. b4 Be5 35. b5 Nc7 36. b6 Na6 37. b7 Nb8 38. Rc8 Nd7 39. c6 1-0

[Event "Perth AUS Open Minor"]
[Site "?"]
[Date "2023.01.04"]
[Round "4.61"]
[White "Clark, Peter"]
[Black "Gupta, Aarnav"]
[Result "0-1"]
[WhiteElo "1370"]
[BlackElo "1458"]
[PlyCount "154"]
[EventDate "2023.01.??"]
[EventRounds "11"]
[EventCountry "AUS"]
[SourceVersionDate "2023.01.02"]

1. d4 d5 2. Bf4 Nf6 3. e3 Bf5 4. c4 e6 5. Nc3 Bd6 6. Bxd6 Qxd6 7. Qb3 b6 8. cxd5 Nxd5 9. Nxd5 Qxd5 10. Qxd5 exd5 11. Rc1 c6 12. Nf3 f6 13. Be2 a5 14. O-O O-O 15. Nh4 Bd7 16. Bd3 g6 17. h3 Re8 18. a3 Na6 19. Rfe1 Ra7 20. Nf3 Kf7 21. Nd2 Nb8 22. Be2 Bf5 23. Nf1 Rae7 24. b4 axb4 25. axb4 Ra7 26. Ra1 Ree7 27. b5 Reb7 28. bxc6 Nxc6 29. Bf3 Ke6 30. Bg4 Bxg4 31. hxg4 Rxa1 32. Rxa1 Na5 33. Nd2 Nc4 34. Nb3 Kd6 35. Kf1 Kc6 36. Ke2 Kb5 37. Rb1 Na3 38. Rb2 Nc4 39. Rb1 Kc6 40. Ra1 g5 41. Ra8 Kb5 42. Rf8 Ra7 43. Rxf6 Kb4 44. Nc1 Kc3 45. Kf3 Nd2+ 46. Ke2 Ra1 47. Rxb6 Rxc1 48. Rc6+ Nc4 49. Rc5 Rc2+ 50. Kf3 Kd3 51. Rxd5 Nd2+ 52. Kg3 Ne4+ 53. Kh2 Rxf2 54. Rd8 Rf6 55. d5 Kxe3 56. Re8 Kf2 57. Re6 Rxe6 58. dxe6 Nf6 59. Kh3 Ke3 60. e7 Kf4 61. g3+ Kf3 62. Kh2 Nxg4+ 63. Kh1 Nf6 64. Kh2 g4 65. Kh1 Kxg3 66. Kg1 h5 67. Kh1 Kf2 68. Kh2 g3+ 69. Kh3 g2 70. e8=Q Nxe8 71. Kh4 g1=Q 72. Kxh5 Nf6+ 73. Kh6 Nd5 74. Kh7 Qg5 75. Kh8 Ne7 76. Kh7 Qg6+ 77. Kh8 Qg8# 0-1

[Event "Perth AUS Open Minor"]
[Site "?"]
[Date "2023.01.04"]
[Round "4.62"]
[White "Arav, Nathan"]
[Black "Feldblyum, Alexander"]
[Result "1/2-1/2"]
[WhiteElo "1422"]
[BlackElo "1117"]
[PlyCount "126"]
[EventDate "2023.01.??"]
[EventRounds "11"]
[EventCountry "AUS"]
[SourceVersionDate "2023.01.02"]

1. d4 c6 2. c4 d5 3. Nc3 Nf6 4. Nf3 e6 5. a3 h6 6. Bf4 Bd6 7. Bxd6 Qxd6 8. e3 Nbd7 9. Bd3 e5 10. dxe5 Nxe5 11. Nxe5 Qxe5 12. cxd5 Nxd5 13. Nxd5 Qxd5 14. O-O Be6 15. Qc2 O-O-O 16. Rfd1 Qb3 17. Qe2 Rd7 18. Rac1 Rhd8 19. Rc3 Qb5 20. h3 Qe5 21. Qc2 Kb8 22. b4 Bf5 23. Kf1 Rxd3 24. Rcxd3 Rxd3 25. Rxd3 Qb5 26. Ke2 Kc7 27. Qb3 Bxd3+ 28. Qxd3 Qxd3+ 29. Kxd3 Kd6 30. Kd4 b6 31. a4 f5 32. h4 h5 33. f3 Ke6 34. a5 Kd6 35. a6 Ke6 36. g3 g6 37. e4 Kf6 38. e5+ Ke6 39. f4 Ke7 40. Kd3 Kd8 41. Kc4 Kc7 42. Kd4 Kd7 43. Kd3 Kd8 44. Kd4 Kd7 45. Kd3 Kd8 46. Kc3 Kc8 47. Kc2 Kd8 48. Kd3 Kc8 49. Kc3 Kd8 50. Kc4 Kc7 51. Kb3 Kd8 52. Kc3 Kc8 53. Kd4 Kd7 54. Kc4 Kc7 55. Kd4 Kd7 56. Kd3 Kd8 57. Kd2 Ke7 58. Kd1 Ke6 59. Kd2 Ke7 60. Kc3 Kd8 61. Kd4 Kd7 62. Kc4 Kc7 63. Kd4 Kd7 1/2-1/2

[Event "Perth AUS Open Minor"]
[Site "?"]
[Date "2023.01.04"]
[Round "4.63"]
[White "Bultman, Grant"]
[Black "Kerr, Lennon"]
[Result "0-1"]
[WhiteElo "1329"]
[BlackElo "691"]
[PlyCount "74"]
[EventDate "2023.01.??"]
[EventRounds "11"]
[EventCountry "AUS"]
[SourceVersionDate "2023.01.02"]

1. e4 d5 2. e5 c5 3. Bb5+ Bd7 4. a4 Nc6 5. Nf3 a6 6. Be2 g6 7. c3 Bg7 8. d4 cxd4 9. cxd4 Bf5 10. O-O e6 11. Nc3 Nb4 12. Bg5 Ne7 13. Bf6 Bxf6 14. exf6 Nec6 15. Qd2 Qxf6 16. Rac1 O-O 17. Rfe1 Rad8 18. h3 Na5 19. Qh6 Qg7 20. Qf4 Nb3 21. Rcd1 Bc2 22. Qc7 Bxd1 23. Rxd1 Nc2 24. Qxb7 Nbxd4 25. Nxd4 Nxd4 26. Bxa6 Rb8 27. Qc7 Rxb2 28. Qf4 e5 29. Qg4 Qf6 30. Nxd5 Qxa6 31. Qh4 f5 32. Qh6 Rb7 33. f4 Rd8 34. Ne3 Ne2+ 35. Kh2 Rxd1 36. Nxd1 Qd3 37. Nf2 Qg3+ 0-1

[Event "Perth AUS Open Minor"]
[Site "?"]
[Date "2023.01.04"]
[Round "4.64"]
[White "Ho, Oscar"]
[Black "El Fayoumi, Adam"]
[Result "1-0"]
[WhiteElo "1208"]
[BlackElo "1288"]
[PlyCount "83"]
[EventDate "2023.01.??"]
[EventRounds "11"]
[EventCountry "AUS"]
[SourceVersionDate "2023.01.02"]

1. d4 f5 2. c4 Nf6 3. Nc3 g6 4. Nf3 d6 5. Bf4 Bg7 6. e3 b6 7. Bd3 Bb7 8. Ng5 Qd7 9. d5 e5 10. dxe6 Qe7 11. O-O h6 12. Nf7 Rh7 13. Nb5 Na6 14. Nd4 Nc5 15. Nxf5 gxf5 16. Bxf5 Nxe6 17. Bg6 Kd7 18. Bxh7 Nxh7 19. Nxh6 Nxf4 20. Qg4+ Ne6 21. Nf5 Qf6 22. Nxg7 Rg8 23. Nh5 Rxg4 24. Nxf6+ Nxf6 25. f3 Rxc4 26. Rac1 Rb4 27. b3 a5 28. Rfd1 a4 29. Rc4 Rxc4 30. bxc4 Ng5 31. h4 Nxf3+ 32. gxf3 Bxf3 33. Rf1 Be2 34. Rxf6 Bxc4 35. a3 Ke7 36. Rf4 b5 37. h5 Bd3 38. e4 b4 39. axb4 a3 40. Rf2 Bxe4 41. h6 c6 42. Re2 1-0

[Event "Perth AUS Open Minor"]
[Site "?"]
[Date "2023.01.04"]
[Round "4.65"]
[White "Knight, Charles"]
[Black "Sheth, Adidev"]
[Result "1-0"]
[WhiteElo "1280"]
[BlackElo "569"]
[PlyCount "139"]
[EventDate "2023.01.??"]
[EventRounds "11"]
[EventCountry "AUS"]
[SourceVersionDate "2023.01.02"]

1. e4 d5 2. exd5 Qxd5 3. Nc3 Qa5 4. d4 Nf6 5. Nf3 c6 6. Bd3 Bg4 7. O-O Qh5 8. Be2 e6 9. Ne5 Bxe2 10. Qxe2 Qxe2 11. Nxe2 Bd6 12. Be3 O-O 13. c4 Bxe5 14. dxe5 Ng4 15. Bd4 Nh6 16. Rad1 Na6 17. Ng3 b6 18. Ne4 c5 19. Bc3 Nf5 20. Nd6 Nxd6 21. exd6 Rad8 22. Rd3 f6 23. Re1 e5 24. a3 Rd7 25. b4 Rfd8 26. Red1 Kf7 27. h4 Ke6 28. b5 Nb8 29. f4 Rxd6 30. Rxd6+ Rxd6 31. Rxd6+ Kxd6 32. fxe5+ fxe5 33. Kf2 a6 34. a4 a5 35. Ke3 Nd7 36. Ke4 g6 37. g3 Nf6+ 38. Kf3 Ke6 39. g4 e4+ 40. Kf4 e3 41. g5 Nh5+ 42. Kxe3 Kf5 43. Kf3 Nf4 44. Bf6 Nd3 45. Bd8 Nb2 46. Bxb6 Nxa4 47. Bxa5 Ke5 48. b6 Nxb6 49. Bxb6 Kd4 50. Kf4 Kxc4 51. Ke5 Kb4 52. Kf6 c4 53. Kg7 c3 54. Kxh7 c2 55. Be3 Kb3 56. Kxg6 Kb2 57. h5 c1=Q 58. Bxc1+ Kxc1 59. h6 Kd2 60. h7 Ke3 61. h8=Q Ke4 62. Qf6 Kd3 63. Qe5 Kc2 64. Qd4 Kb3 65. Kf5 Kc2 66. Ke4 Kb3 67. Kd3 Ka2 68. Qb6 Ka1 69. Kc2 Ka2 70. Qa6# 1-0

[Event "Perth AUS Open Minor"]
[Site "?"]
[Date "2023.01.04"]
[Round "4.66"]
[White "Sethuraman, Jaswanth Ram"]
[Black "De Vas, Senudi"]
[Result "0-1"]
[WhiteElo "887"]
[BlackElo "1276"]
[PlyCount "120"]
[EventDate "2023.01.??"]
[EventRounds "11"]
[EventCountry "AUS"]
[SourceVersionDate "2023.01.02"]

1. e4 e6 2. Nc3 d5 3. d4 c5 4. Bb5+ Bd7 5. Bxd7+ Qxd7 6. exd5 exd5 7. dxc5 d4 8. Ne4 Qd5 9. Qe2 Be7 10. Bf4 Nd7 11. O-O-O Qxa2 12. Kd2 Qxb2 13. Ke1 Nxc5 14. Nd6+ Kf8 15. Qe5 Qxc2 16. Qxd4 Nf6 17. Ne2 Nce4 18. Nxb7 Qb3 19. f3 Qxb7 20. fxe4 Qxe4 21. Qa1 Qxg2 22. Rg1 Bb4+ 23. Bd2 Bxd2+ 24. Rxd2 Qb7 25. Qa3+ Qe7 26. Qb2 Rd8 27. Rc2 a5 28. Qc1 a4 29. Rc7 Qb4+ 30. Nc3 Re8+ 31. Kf1 a3 32. Qa1 Qf4+ 33. Kg2 Qxc7 34. Qxa3+ Qe7 35. Qb2 Ne4 36. Nxe4 Qxe4+ 37. Kf2 Qe3+ 38. Kf1 Qe1+ 39. Kg2 Qe2+ 40. Qxe2 Rxe2+ 41. Kf3 Rxh2 42. Rd1 Ke7 43. Re1+ Kf6 44. Rf1 Ra2 45. Kg4+ Kg6 46. Rg1 h5+ 47. Kh4+ Kh6 48. Re1 g5+ 49. Kg3 h4+ 50. Kg4 Ra4+ 51. Kh3 Kg6 52. Rd1 g4+ 53. Kg2 Ra2+ 54. Kg1 h3 55. Rd6+ Kg5 56. Rd5+ f5 57. Rd7 h2+ 58. Kh1 Ra1+ 59. Kg2 h1=Q+ 60. Kf2 Qf3# 0-1

[Event "Perth AUS Open Minor"]
[Site "?"]
[Date "2023.01.04"]
[Round "4.72"]
[White "Chen, Albert"]
[Black "Ong, Charis"]
[Result "0-1"]
[WhiteElo "1157"]
[BlackElo "511"]
[PlyCount "76"]
[EventDate "2023.01.??"]
[EventRounds "11"]
[EventCountry "AUS"]
[SourceVersionDate "2023.01.02"]

1. d4 d5 2. Bf4 Nc6 3. e3 Bf5 4. Bb5 Nf6 5. h3 a6 6. Bxc6+ bxc6 7. Nf3 e6 8. Ne5 c5 9. O-O Bd6 10. Nd2 Bxe5 11. Bxe5 cxd4 12. exd4 O-O 13. Nb3 Rb8 14. Rb1 Re8 15. Na5 Rb6 16. Nb3 Rc6 17. Rc1 Nd7 18. Re1 Be4 19. Bf4 e5 20. dxe5 Nxe5 21. Bxe5 Rxe5 22. Nd4 Rg6 23. f3 Qg5 24. g4 Qh4 25. Kg2 Rh5 26. fxe4 Qxh3+ 27. Kf2 Qh2+ 28. Ke3 Rh3+ 29. Nf3 Rf6 30. Rf1 Qf4+ 31. Ke2 Qxe4+ 32. Kd2 Qf4+ 33. Kc3 Qe3+ 34. Qd3 Rc6+ 35. Kb3 Qb6+ 36. Ka3 Qa5+ 37. Kb3 Rb6+ 38. Qb5 Rxb5# 0-1

[Event "Perth AUS Open Minor"]
[Site "?"]
[Date "2023.01.04"]
[Round "4.73"]
[White "Li, Jeremy"]
[Black "Gupta, Anoushka"]
[Result "0-1"]
[WhiteElo "331"]
[BlackElo "1343"]
[PlyCount "28"]
[EventDate "2023.01.??"]
[EventRounds "11"]
[EventCountry "AUS"]
[SourceVersionDate "2023.01.02"]

1. e4 e5 2. Nf3 Nc6 3. Bc4 Bc5 4. O-O Nf6 5. Nc3 d6 6. d3 h6 7. h3 O-O 8. Be3 Nd4 9. Ne2 Nxf3+ 10. gxf3 Bxh3 11. Re1 Bxe3 12. fxe3 Nh5 13. Kf2 Qh4+ 14. Kg1 Qg5+ 0-1

[Event "Perth AUS Open Minor"]
[Site "?"]
[Date "2023.01.04"]
[Round "4.74"]
[White "Kalloor, Abner"]
[Black "Gunasekara, Aritha Chanthula Abe"]
[Result "0-1"]
[WhiteElo "370"]
[BlackElo "1079"]
[PlyCount "100"]
[EventDate "2023.01.??"]
[EventRounds "11"]
[EventCountry "AUS"]
[SourceVersionDate "2023.01.02"]

1. d4 d5 2. e3 Bf5 3. c3 e6 4. Bd3 Bxd3 5. Qxd3 c6 6. a4 Bd6 7. b3 Nf6 8. Nd2 O-O 9. Ngf3 Nbd7 10. Ba3 Bxa3 11. Rxa3 c5 12. b4 cxb4 13. cxb4 Rc8 14. O-O Qe7 15. Ne5 b6 16. Nxd7 Nxd7 17. a5 Qxb4 18. Nf3 Rc7 19. Ng5 g6 20. axb6 Nxb6 21. h3 Rfc8 22. Raa1 Qe7 23. Nf3 Nc4 24. e4 dxe4 25. Qxe4 a5 26. Qd3 Qd7 27. Nd2 a4 28. Ne4 Kg7 29. Rfd1 Nb2 30. Nc5 Qe7 31. Qd2 Nxd1 32. Rxd1 a3 33. Re1 Ra7 34. Nxe6+ fxe6 35. d5 Rd7 36. Qd4+ Qf6 37. Qxf6+ Kxf6 38. dxe6 Re7 39. Re3 a2 40. Re1 Rxe6 41. Ra1 Ra8 42. Kh2 Rb6 43. Rd1 a1=Q 44. Rxa1 Rxa1 45. Kg3 Rb3+ 46. f3 g5 47. h4 gxh4+ 48. Kxh4 h5 49. g4 hxg4 50. fxg4 Rh1# 0-1